| 000 | 00577cam a2200217 4500 | ||
|---|---|---|---|
| 008 | 010823n2000 000 0 eng u | ||
| 020 | _a0750640820 | ||
| 035 | _a(Sirsi) u114303 | ||
| 100 | _aPhillips, D. | ||
| 245 | _aLighting modern buildings | ||
| 260 |
_aOxford _bButterworth-Heinemann _c2000 |
||
| 350 | _a39.95 | ||
| 650 | _aDAYLIGHT | ||
| 650 | _aINSTALLATION | ||
| 650 | _aLIGHT FITTINGS | ||
| 650 | _aLIGHTS | ||
| 650 | _aLIGHTING | ||
| 650 | _aBUILT ENVIRONMENT-BUILDING MAINTENANCE AND REFURBISHMENT | ||
| 690 |
_aBlock management _96220 |
||
| 942 | _n0 | ||
| 999 |
_c101608 _d101608 |
||